| 000 | 01664nam a2200229 4500 | ||
|---|---|---|---|
| 001 | ESSALUD | ||
| 005 | 20260630195343.0 | ||
| 007 | ta | ||
| 008 | t pe ||||| |||| 00| 0 spa d | ||
| 040 | _aBMG | ||
| 041 | _aspa | ||
| 100 |
_aCorte Suprema. Sala Civil Transitoria _eAutor _953014 |
||
| 245 | _aPronunciamiento sobre litisconsortes facultativos exime que el juez se pronuncie sobre el demandado original | ||
| 300 | _apáginas 214-217 | ||
| 520 | _aCon relación a la infracción descrita precedentemente respecto al cuestionamiento sobre la falta de pronunciamiento sobre la posesión de uno de los demandados, la Sala Superior, realizando una valoración conjunta de los medios probatorios, en los considerandos 11 y 12 de la sentencia de vista determina que estos litisconsortes en calidad de comprad ores celebraron el contrato de promesa de compraventa con la recurrente y, por el cual, se encontrarían en la posesión del inmueble. Por tanto, se advierte que la Sala Superior ha determinado que los litisconsortes tienen un título habilitante consecuencia, no existe posesión precaria, no cumpliéndose con el requisito de acreditar posesión precaria a fin de que se estime la demanda, por tanto, resultó innecesario emitir pronunciamiento sobre la situación jurídica del referido demandado. | ||
| 650 |
_aRESPRESENTACIÓN PROCESAL _953015 |
||
| 650 |
_aSUJETOS PROCESALES _952978 |
||
| 650 |
_a LITISCONSORCIO _952980 |
||
| 650 |
_aNEGOCIOS Y ECONOMÍA _953016 |
||
| 773 | 0 |
_022573 _922620 _dLima Grupo Praxis Formación Profesional, 2026- _oPRA001 _tPraxis Civil & Procesal Civil _wESSALUD _x3119-7671 |
|
| 942 |
_cARTICULOS _e2026-06-30 _zsqb |
||
| 999 |
_c22589 _d22589 |
||